000
00237 a2200097 4500
020
_a
078073002993
041
_a
spa
100
_a
Stan y Jan Berenstain
245
_a
Los Osos scouts Berenstain y el Complat de la gran Calabaza
942
_c
K
999
_c
28839
_d
28839